000 00713nam a2200289Ia 4500
005 20260324115557.0
008 008 260324s9999 xx 000 0 eng d
020 _a9781315397825
037 _aEBOOK
040 _aCRL
040 _beng
040 _cCRL
041 _2eng
041 _aeng
084 _qCRL
100 _aArnaldo Camuffo
_91155203
245 0 _aLean Transformations for Small and Medium Enterprises
245 0 _bLessons Learned from Italian Businesses
260 _bTaylor and Francis
260 _c2017
365 _a
365 _b290
856 _uhttp://www.taylorfrancis.com/books/9781315397825
942 _cEBOOK
999 _c1746178
_d1746178